000 00555nam a2200193Ia 4500
999 _c1843
_d1843
003 OSt
005 20201123112931.0
008 190216s9999||||xx |||||||||||||| ||und||
020 _a9788184734508
040 _coclc
082 _a571.6
_bROB/C
100 _aRobertis, E D P De
_96845
245 0 _aCell And Molecular Biology /
_cE D P De Robertis ; E M F De Robertis
250 _a8th Ed.
260 _bWolters Kluwer,
_c2011.
_aNew Delhi:
300 _a734p
650 _aBotany
942 _cBK
_2ddc
_h571.6
_iROB/C
_k571.6
_mROB/C